| 000 | 00734nam a22002297a 4500 | ||
|---|---|---|---|
| 003 | UA-OsUOA | ||
| 001 | 106377 | ||
| 007 | ta | ||
| 008 | 20140515b un ||||| |||| 00| 0 ukr d | ||
| 090 |
_a340(438+477) _bВ82 |
||
| 942 | _cBK | ||
| 040 |
_aUA-OsUOA _bukr _cUA-OsUOA _dUA-OsUOA |
||
| 245 |
_aВроцлавсько-Львівський юридичний збірник _cред. А. Бойко, М. Маршал |
||
| 300 | _a460 с. | ||
| 955 | _a1 | ||
| 041 | _aukr | ||
| 080 | _a340(438+477) | ||
| 022 | _a2082-4939 | ||
| 260 |
_aВроцлав _bВУВ _c2012 |
||
| 650 | 7 |
_a340 Право в цілому. Пропедевтика. Методи та допоміжні правничі науки _2UDC |
|
| 999 |
_c392619 _d392619 |
||